Sermón de la Inmaculada Concepción de María Saníisima, que el día 19 de febrero de 1850 dijo en la capilla de la Nacional y Pontificia Universidad de México el Doctor Juan María Hernández, cura interino de San Juan Teotihuacan

Detalles Bibliográficos
Autor principal: Hernández, Juan María
Formato: Libro
Lenguaje:Spanish
Publicado: Mexico 1850
Materias:
Colección:Banco de datos
Acervo:Biblioteca de la Congregación del Oratorio de San Felipe Neri de México. Iglesia La Profesa
Descripción Física:23 p. 4°
Tema general:Homilética
Notas:Portada tipográfica con viñeta y plecas. Encuadernación en piel sobre cartón
LEADER 00808nam a22001810004500
035 |a 3260 
041 0 |a spa 
100 1 |a Hernández, Juan María 
245 1 0 |a Sermón de la Inmaculada Concepción de María Saníisima, que el día 19 de febrero de 1850 dijo en la capilla de la Nacional y Pontificia Universidad de México el Doctor Juan María Hernández, cura interino de San Juan Teotihuacan 
260 |a Mexico  |b tipografia de R. Rafael  |c 1850 
300 |a 23 p.  |c 4° 
500 |a Portada tipográfica con viñeta y plecas. Encuadernación en piel sobre cartón 
501 |a 27 obras 
650 1 0 |a Homilética 
949 |a Iglesia La Profesa, Biblioteca 7170-J 
942 |c PROFESA 
943 |g Biblioteca de la Congregación del Oratorio de San Felipe Neri de México. Iglesia La Profesa 
999 |c 950071  |d 950071